Score 0/20 Timer 04:00
0 Plays Today
% Correct
Facebook
95.7%
Google+
95.3%
Twitter
94.6%
YouTube
94.6%
Pinterest
93.3%
Vimeo
91.2%
Snapchat
89.1%
Tumblr
89%
Instagram
88.3%
LinkedIn
86.6%
% Correct
Goodreads
84.9%
Medium
82.5%
Blogger
82.1%
Reddit
81.9%
Flickr
78.1%
WordPress
77.4%
Wattpad
76.8%
StumbleUpon
76.4%
Ello
71.2%
Periscope
62%
Remove Ads.
Support Sporcle.
Get the best of Sporcle when you Go Orange. This ad-free experience offers more features, more stats, and more fun while also helping to support Sporcle. Thank you for becoming a member.

You're not logged in!

Compare scores with friends on all Sporcle quizzes.
OR
Log In

Show Comments

Extras

Top Quizzes Today


Score Distribution

Your Account Isn't Verified!

In order to create a playlist on Sporcle, you need to verify the email address you used during registration. Go to your Sporcle Settings to finish the process.

Report this User

Report this user for behavior that violates our Community Guidelines.

Details: